00194nam a2200085Ia 4500100001700000250002100017245002300038260003300061082001400094 aH. M. Deitel a3rd Edition 2001 aC How to Programme aPearson Education Pub. Delhi a5.13bDEI